Price policy and procedure
Guardado en:
| Autor principal: | |
|---|---|
| Formato: | Libro |
| Lenguaje: | inglés |
| Publicado: |
New York
Harcourt, Brace & World, Inc.
1966
|
| Colección: | <The> Harbrace series in business and economics
|
| Materias: | |
| Etiquetas: |
Sin Etiquetas, Sea el primero en etiquetar este registro!
|
MARC
| LEADER | 00000nam a2200000 4500 | ||
|---|---|---|---|
| 001 | c101293 | ||
| 005 | 20221123135702.7 | ||
| 041 | 0 | |a eng | |
| 044 | |a US | ||
| 245 | 1 | 0 | |a Price policy and procedure |c Donald V. Harper |
| 264 | 1 | |a New York |b Harcourt, Brace & World, Inc. |c 1966 | |
| 300 | |a 308 s. | ||
| 490 | 1 | |a <The> Harbrace series in business and economics | |
| 830 | 0 | |a <The> Harbrace series in business and economics | |
| 610 | 2 | 0 | |a ceny |
| 610 | 2 | 0 | |a politika cenová |
| 610 | 2 | 0 | |a teórie ekonomické |
| 610 | 2 | 0 | |a modely cenové |
| 610 | 2 | 0 | |a výskum operačný |
| 610 | 2 | 0 | |a distribúcia |
| 610 | 2 | 0 | |a náklady |
| 100 | 1 | |a Harper, Donald V. | |